can you name the capitals of the european capitals i know - Statistics

General Stats
  • This quiz has been taken 15 times
  • The average score is 17 of 19
Answer Stats
country Answer % Correct
greece athens
100%
france paris
100%
germany berlin
92%
portugal lisbon
92%
uk london
92%
spain madrid
92%
monaco monaco
92%
russia moscow
92%
czechia prague
92%
italy rome
92%
austria vienna
92%
netherlands amsterdam
85%
andorra andorra la vella
85%
turkey ankara
85%
switzerland bern
85%
belgium brussels
85%
vatican vatican city
85%
poland warsaw
85%
luxembourg luxembourg
77%
No matching quizzes found
Score Distribution
Percent of People with Each Score
Percentile by Number Answered
Your Score History
You have not taken this quiz